| 000 | 01052cam a22003137a 4500 | ||
|---|---|---|---|
| 003 | CHAP | ||
| 005 | 20220329133751.0 | ||
| 008 | 971013s1980 r 00010 d | ||
| 010 | _a10573 | ||
| 011 | _a11545 | ||
| 035 | _a10784 | ||
| 040 | _cCHAP | ||
| 082 |
_a338.1 _bL4 |
||
| 100 | 0 | 0 |
_aLeos Rodríguez, Juan Antonio. _966243 |
| 245 | 1 | 3 | _aEl sector primario y las políticas de investigación y experimentales |
| 260 |
_aChapingo, Méx. : _bUACH. Subdirección de Investigación, _c1980 |
||
| 300 | _app. 65-107 | ||
| 501 | _aEnc. con otros impresos similares | ||
| 590 |
_aBATCH-UPD _b10 _c20130110 _lUCH01 _h1015 |
||
| 590 |
_aBATCH-UPD _b10 _c20130410 _lUCH01 _h0622 |
||
| 590 |
_aBATCH-UPD _b10 _c20130913 _lUCH01 _h2102 |
||
| 590 |
_aCONVERSION _b10 _c20130109 _lUCH01 _h1307 |
||
| 650 | 1 | 4 |
_aAgricultura _xInvestigación _xMéxico. _91643 |
| 650 | 1 | 4 |
_aBosques _xIncendios _xMéxico. _914223 |
| 650 | 1 | 4 |
_aGanadería _xInvestigación _zMéxico. _944808 |
| 901 | _aBK | ||
| 942 | _cLIBRO | ||
| 949 |
_a338.1 L4 _bBC _cLIBRO _d-22687 _eLIBRO _i10784 _si |
||
| 999 |
_c10573 _d10573 |
||